Dog Names Quiz Stats

 Plays Quiz Updated Apr 18, 2017

Support Sporcle.
Go Orange.
Score 0/50 Timer 07:00
0 Plays Today
Gender Name % Correct
MaleMax
51.2%
MaleBuddy
36.3%
MaleSam
34.7%
MaleJack
29.4%
FemaleMolly
25.5%
FemalePrincess
25.1%
FemaleLucy
23%
FemaleDaisy
21.3%
MaleCharlie
20.6%
FemaleBella
20.3%
FemaleLady
20%
MaleLucky
19.1%
MaleJake
18.8%
FemaleMaggie
17.5%
MaleBailey
16.2%
FemaleBailey
16.2%
MaleDuke
15.7%
MaleBuster
15.2%
FemaleLily
14.5%
MaleRocky
14.3%
MaleBear
12.4%
FemaleChloe
12.3%
MaleSammy
11.7%
FemaleSadie
11.6%
FemaleCoco
11.4%
Gender Name % Correct
FemaleSophie
11.2%
MaleToby
11.1%
FemaleAbby
10%
FemaleRoxy
9.8%
FemaleGinger
9.5%
FemaleZoe
9.3%
FemaleRosie
9.2%
FemaleAnnie
8.6%
MaleOliver
8.4%
MaleRiley
8.3%
MaleOscar
8.3%
FemaleLola
8.3%
FemaleEmma
8.2%
MaleCody
8.1%
FemaleAngel
8.1%
MaleRusty
7.9%
FemaleRuby
7.1%
MaleCooper
7%
MaleTeddy
6.9%
MaleTucker
6.8%
FemaleSasha
6.3%
MaleHarley
5.8%
FemaleGracie
5.8%
MaleMurphy
5.4%
MaleWinston
5.2%

From the Vault

Finish That Insult: Friends

by emberly13

Our favorite insult is, "I envy all the people who haven't met you yet."
Remove Ads.
Support Sporcle.
Get the best of Sporcle when you Go Orange. This ad-free experience offers more features, more stats, and more fun while also helping to support Sporcle. Thank you for becoming a member.

Show Comments

Extras

Top Quizzes Today


Score Distribution

Your Account Isn't Verified!

In order to create a playlist on Sporcle, you need to verify the email address you used during registration. Go to your Sporcle Settings to finish the process.

Report this User

Report this user for behavior that violates our Community Guidelines.

Details: